000
00268nam a2200085Ia 4500
245
0
_a
The country table : classic recipes from a country kitchen
100
_a
Clark, Pamela Sydney, N.S.W., 2009
_9
79529
942
_c
BK
008
210817s9999 xx 000 0 und d
999
_c
401048
_d
401047